00432nam a2200121Ia 4500008004100000245012700041260004500168260000900213300000900222500000800231650001300239856005800252170516s9999 xx 000 0 und d aInvestigation of the potential application of sodium bentonite as an excipient in formulation of sustained release tablets bAsian Journal of Pharmaceutical Sciences c2017 a12:3 aMay xPharmacy uhttp://www.sciencedirect.com/science/journal/18180876